Statistiken für Liedtext - Über sieben Brücken musst du gehen - Karat

Klicken Sie hier um das Quiz zu spielen!

Allgemein

  • Dieses Quiz wurde 314 mal gespielt
    (205 seit der letzten Aktualisierung)
  • Das Durchschnittsergebnis liegt bei 134 aus 186

Antwortstatistiken

Textquiz% Korrekt
geh
100%
Brücken
99%
du
99%
musst
99%
Musst
99%
Sieben
99%
sieben
99%
Über
99%
dunkle
97%
überstehn
97%
Jahre
96%
die
94%
Die
94%
gehn
93%
Der
92%
der
92%
sein
92%
Asche
90%
wirst
90%
ich
88%
Schein
88%
Aber
87%
auch
87%
helle
87%
einmal
86%
Und
78%
und
78%
Siebenmal
77%
zu
73%
man
71%
mein
70%
mir
70%
bin
69%
Manchmal
69%
manchmal
69%
das
67%
dann
65%
in
65%
Straße
64%
ist
63%
zurück
63%
nicht
62%
ohne
62%
Schaukelpferd
62%
wünsch
62%
am
61%
was
61%
Was
61%
meine
59%
alle
58%
nach
58%
Rast
58%
Ruh
58%
schon
58%
Morgen
57%
einem
56%
mehr
56%
müd
56%
weiß
56%
Lied
54%
Türen
54%
heiß
53%
kalt
53%
schließ
53%
such
52%
Trost
52%
Auf
51%
Blick
50%
doch
50%
Dass
49%
Nur
48%
im
46%
Welt
45%
einer
44%
Wo
44%
ganzen
43%
fällt
42%
liebt
42%
Wie
42%
hasst
41%
still
41%
von
41%
Glücksstern
39%
scheint
39%
stehn
39%
Bank
37%
Des
37%
gibt
37%
immer
37%
sitzt
37%
Uhr
36%
greift
35%
krank
35%
Lebens
35%
lieber
35%
Kreis
34%
nimmt
33%
Fernweh
31%
meint
31%

Verteilung der Resultate

Perzentil nach korrekt beantworteten Fragen

Anzahl Personen mit jedem Resultat

Ihre Resultats-Entwicklung

Sie haben dieses Quiz seit der letzten Aktualisierung nicht gespielt